• 首页
  • 本馆介绍
  • 公告通知
  • 最新文献
  • 馆藏检索
  • 电子资源
  • 读者导购
  • 参考咨询
  • 我的图书馆
  • 登录
  • 详细信息显示
  • 放入我的书架
  • 预约/预借图书
  • 作者相关作品
  • 分类相关作品
  • 丛书相关作品
  • 出版社相关作品

书目信息

  • 表格格式
  • 工作单格式
  • 卡片格式
题名:
薄层层离及其在中草药分析中的应用
    
 
作者: ;中国医学科学院药物研究所 编
分册:  
出版信息: 北京   科学出版社  1978
页数: 487页
开本: 19cm
丛书名:
单 册:
中图分类: R284.2
科图分类:
主题词: 中药化学成分--分离
电子资源:
ISBN: 13031.668
000 00741nam0 2200229 450
001 0178000655
005 20100712215346.0
010    @a13031.668@dCNY1.95
091    @a13031.668
100    @a19950804d1978 emky0chiy0110 ea
101 0  @achi
102    @aCN@b110000
105    @ay z 000yy
106    @ar
200 1  @a薄层层离及其在中草药分析中的应用@9Bao;Bo Ceng Ceng Li Ji Qi;Ji Zai Zhong Cao Yao Fen Xi Zhong De;Di Ying Yong @f中国医学科学院药物研究所编
210    @a北京@c科学出版社@d1978
215    @a487页@d19cm
606 0  @a中药化学成分@x分离
690    @aR284.2@v3
711 02 @a中国医学科学院药物研究所@9zhong guo yi xue ke xue yuan yao wu yan jiu suo@4编
801  0 @aCN@bAzMarc@c20130904
905    @aBZT@dR28@e78@f1@sR28/78
    
    薄层层离及其在中草药分析中的应用/中国医学科学院药物研究所编.-北京:科学出版社,1978
    487页;19cm
    
    
    ISBN 13031.668:CNY1.95
    
●
相关链接 在五车中查询图书 在当当中查询图书 在豆瓣中查询图书


正题名:薄层层离及其在中草药分析中的应用     索取号:R28/78         预约/预借

序号 登录号 条形码 馆藏地/架位号 状态 备注
1 2000102285   2000102285   旧书回溯/ [索取号:R28/78] 在馆    
山东省滨州职业学院图书馆 欢迎您!
大连网信软件有限公司© 版权所有